000 00638nam a2200193 a 4500
005 20240925064934.0
008 010706s2000 mx r 000 0 spa d
020 _a8448124928
035 _aUPN01000109346
049 _aCG
050 4 _aBF318
_bT3.28
100 1 _aTarpy, Roger M.
245 1 0 _aAprendizaje :
_bteoría e investigación contemporáneas /
_cRoger M. Tarpy ; tr. Ginés Evangelista Navarro.
260 _aMadrid :
_bMcGraw-Hill Interamericana,
_cc2000.
300 _a687 p. :
_bil.
534 _pTraducción de:
_tContemporary learning theory and research
650 4 _aPsicología del aprendizaje
_95221
905 _aLibro
999 _c83257
_d83257